000 00542nam a2200181Ia 4500
008 100917s9999 xx 000 0 und d
082 _b53851
100 _aबोकील वि. वि.
245 _aमांडवावरील वेली
260 _bशेठ हिरजी मोहनजी
_c1941
300 _a172
365 _b2.25
520 _aकथा
630 _aमांडवावरील वेली
650 _aकथा
730 _aमांडवावरील वेली
942 _cBOOK
999 _c659245
_d659242